00786nam a22002057a 4500999001900000005001700019010001500036020002600051035001400077037001300091082001500104100001600119245012400135260003700259270008100296300003200377700001700409942002900426952012500455 c190613d19061320220729163746.0 aENG-134103 a9789385502422c300.00 aEN-117635 bDBAB/PUB a305.095458 aGondi, M.P. aAugmenting Income and Women Empowerment:bThrough Agri-based Self Help Groups in Meghalaya/cM.P. Gondi and S.M. Feroze aNew DelhibRenu Publishersc2018 a90, Sainik Vihar, Mohan GardenbNew Delhi e110059mrenupublishers@gmail.com a86p.bAppendicesc21cm(pbk) aFeroze, S.M. 2ddccENh305.095458mGON 001040708NFICaBNbBNd2022-07-29eDBAD/PUBg300.00l0o305.095458 GONpEN-117635r2022-07-29 00:00:00t1v300.00yEN